| 000 | 00614nam a2200169 i 4500 | ||
|---|---|---|---|
| 001 | 38526 | ||
| 003 | ES-MaACL | ||
| 005 | 20230906155756.0 | ||
| 007 | t| | ||
| 008 | 030225s1954 sp ||||1| spa d | ||
| 100 | 1 |
_aCámara, Juan Pedro de la. _933985 |
|
| 245 | 1 | 0 |
_aAlcoholismo _b: enseñanzas del coloquio europeo sobre la prevención y el tratamiento del alcoholismo... / _cJuan Pedro de la Cámara. |
| 260 |
_aMadrid : _bDirección General de Sanidad, _c1954 ( _fGonzález) |
||
| 300 |
_a51 p. ; _c19 cm. |
||
| 710 | 1 |
_aEspaña. _bDirección General de Sanidad. _93905 |
|
| 852 |
_aES-MaACL _j1978-F-2 _bR.36668 |
||
| 999 |
_c38526 _d38526 |
||